• 首页
  • 本馆介绍
  • 公告通知
  • 最新文献
  • 馆藏检索
  • 电子资源
  • 读者导购
  • 参考咨询
  • 我的图书馆
  • 登录
  • 详细信息显示
  • 放入我的书架
  • 预约/预借图书
  • 作者相关作品
  • 分类相关作品
  • 丛书相关作品
  • 出版社相关作品

书目信息

  • 表格格式
  • 工作单格式
  • 卡片格式
题名:
中华人民共和国刑法讲话
    
 
作者: ;社会科学院法学所刑法室 写稿 ;中央人民广播电台理论组 编
分册:  
出版信息: 北京   群众出版社  1979
页数: 80页
开本: 19cm
丛书名:
单 册:
中图分类: D924.04
科图分类:
主题词: 中华人民共和国刑法--基本知识
电子资源:
ISBN:
000 00812nam0 2200241 45
001 0179009179
005 20040425141021.8
010    @dCNY0.18
091    @a3067.78
100    @a19950915d1979 em y0chiy0121 ea
101 0  @achi
102    @aCN@b110000
105    @ay zn 000yy
106    @ar
200 10 @a中华人民共和国刑法讲话@Azhong hua ren min gong he guo xing fa jiang hua@f社会科学院法学所刑法室写稿@g中央人民广播电台理论组编
210    @a北京@c群众出版社@d1979
215    @a80页@d19cm
606    @a中华人民共和国刑法@x基本知识
690    @aD924.04@v3
711 02 @a社会科学院法学所刑法室@Ashe hui ke xue yuan fa xue suo xing fa shi@4写稿
712 02 @a中央人民广播电台理论组@Azhong yang ren min guang bo dian tai li lun zu@4编
801  0 @aCN@bNLC@c20040425
905    @f4@b200177-180@dD924.04@e105
    
    中华人民共和国刑法讲话/社会科学院法学所刑法室写稿/中央人民广播电台理论组编.-北京:群众出版社,1979
    80页;19cm
    
    
    ISBN :CNY0.18
    
●
相关链接 在E读中查询图书 在五车中查询图书 在当当中查询图书 在豆瓣中查询图书


正题名:中华人民共和国刑法讲话     索取号:D924.04/105         预约/预借

序号 登录号 条形码 馆藏地/架位号 状态 备注
1 0200177   001257080   第一借阅区/ [索取号:D924.04/105] 在馆    
2 0200178   001257044   密集书库/ [索取号:D924.04/105] 在馆    
3 0200179   001257124   密集书库/ [索取号:D924.04/105] 在馆    
4 0200180   001256170   密集书库/ [索取号:D924.04/105] 在馆    
5 0200181   001256214   第一样本阅览室/ [索取号:D924.04/105] 在馆    
唐山师范学院图书馆 欢迎您!
大连网信软件有限公司© 版权所有